000 00677cam a2200229 4500
001 J99059
008 090401t1999 xxu||||| |||| 00| 0 eng d
035 _a(Sirsi) u93810
041 _aeng
050 _a333.336
110 _aRichard Ellis St. Quintin
_93738
245 _aIndustrial quarterly property performance. - Spring 1999 - Summer 1999
260 _bRichard Ellis St. Quintin
_c1999
300 _a2 pt. ; 30cm.
350 _a0
650 _aINDUSTRIAL PROPERTY
650 _aNORTHERN IRELAND INDUSTRIAL REVIEW
650 _aPROPERTY MARKET REPORTS
690 _aPROPERTY-COMMERCIAL PROPERTY-COMMERCIAL PROPERTY MARKET
942 _n0
948 _c08/06/1999
999 _c97859
_d97859